|
|
|
|
| LEADER |
00000cam a2200000 7i4500 |
| 001 |
0000122812 |
| 005 |
20170529.0 |
| 008 |
170529s2016 my ad 0000 eng |
| 020 |
|
|
|a 9789835985652
|
| 040 |
|
|
|a PERPUSTAM
|b eng
|c PERPUSTAM
|e rda
|
| 090 |
0 |
0 |
|a 570.76
|b CHA
|
| 100 |
1 |
|
|a Chang Tze Hin ,
|e author.
|
| 245 |
1 |
0 |
|a Biology .
|n Form 5
|c Pengarang: Chang Tze Hin, Dr. Yamin Yasin, Fazilah Hamzah, Kho Choong Quan, Lau Siong Du, Linggi Entain, Nor Azlina Mohd Arif, Norma Ismail, Roswadi Ali, Yoong Kwee Soon, Zalifah Rosli
|
| 250 |
|
|
|a Edisi Premier
|
| 264 |
|
1 |
|a PETALING JAYA, Selangor :
|b Sasbadi Sdn. Bhd.
|c [2016]
|
| 300 |
|
|
|a iv, 92 pages :
|b colour illustrations ;
|c 30 cm. + 1 exercises book (36 pages ; 27 cm).
|
| 336 |
|
|
|a text, rdacontent
|
| 337 |
|
|
|a unmediated
|2 rdamedia
|
| 338 |
|
|
|a volume
|2 rdacarrier
|
| 490 |
1 |
|
|a Kunci Emas SPM
|
| 500 |
|
|
|a Includes questions and answers
|
| 650 |
1 |
0 |
|a Biology
|v Problems, exercises, etc.
|
| 700 |
0 |
|
|a Fazilah Hamzah ,
|e author
|
| 700 |
0 |
|
|a Linggi Entain ,
|e author
|
| 700 |
0 |
|
|a Nor Azlina Mohd Arif ,
|e author
|
| 700 |
0 |
|
|a Norma Ismail ,
|e author
|
| 700 |
0 |
|
|a Roswadi Ali ,
|e author
|
| 700 |
0 |
|
|a Yamim Yasin ,
|c Dr. ,
|e author
|
| 700 |
0 |
|
|a Zalifah Rosli ,
|e author
|
| 700 |
1 |
|
|a Kho, Choong Quan ,
|e author
|
| 700 |
1 |
|
|a Lau, Siong Du ,
|e author
|
| 700 |
1 |
|
|a Yoong, Kwee Soon ,
|e author
|
| 830 |
|
0 |
|a Kunci emas SPM
|
| 999 |
|
|
|a 0000437837
|b Buku
|c Koleksi Peperiksaan
|e Perbadanan Perpustakaan Awam Melaka
|
| 999 |
|
|
|a 0000437838
|b Buku
|c Koleksi Peperiksaan
|e Perbadanan Perpustakaan Awam Melaka
|
| 999 |
|
|
|a 0000437839
|b Buku
|c Koleksi Peperiksaan
|e Perbadanan Perpustakaan Awam Melaka
|
| 999 |
|
|
|a 0000437840
|b Buku
|c Koleksi Peperiksaan
|e Perpustakaan Cawangan Jasin
|
| 999 |
|
|
|a 0000437841
|b Buku
|c Koleksi Peperiksaan
|e Perpustakaan Cawangan Masjid Tanah
|
| 999 |
|
|
|a 0000437842
|b Buku
|c Koleksi Peperiksaan
|e Perpustakaan Cawangan Merlimau
|
| 999 |
|
|
|a 0000437843
|b Buku
|c Koleksi Peperiksaan
|e Perbadanan Perpustakaan Awam Melaka
|
| 999 |
|
|
|a 0000437844
|b Buku
|c Koleksi Peperiksaan
|e Perbadanan Perpustakaan Awam Melaka
|
| 999 |
|
|
|a 0000437845
|b Buku
|c Koleksi Peperiksaan
|e PERPUSTAKAAN PENJARA SUNGAI UDANG
|
| 999 |
|
|
|a 0000437846
|b Buku
|c Koleksi Peperiksaan
|e Perbadanan Perpustakaan Awam Melaka
|
| 999 |
|
|
|a 0000437847
|b Buku
|c Koleksi Peperiksaan
|e Perbadanan Perpustakaan Awam Melaka
|
| 999 |
|
|
|a 0000437848
|b Buku
|c Koleksi Peperiksaan
|e Perbadanan Perpustakaan Awam Melaka
|
| 999 |
|
|
|a 0000437849
|b Buku
|c Koleksi Peperiksaan
|e Perbadanan Perpustakaan Awam Melaka
|
| 999 |
|
|
|a 0000437850
|b Buku
|c Koleksi Peperiksaan
|e Perbadanan Perpustakaan Awam Melaka
|
| 999 |
|
|
|a 0000437851
|b Buku
|c Koleksi Peperiksaan
|e Perbadanan Perpustakaan Awam Melaka
|
| 999 |
|
|
|a 0000437852
|b Buku
|c Koleksi Peperiksaan
|e Perbadanan Perpustakaan Awam Melaka
|
| 999 |
|
|
|a 0000437853
|b Buku
|c Koleksi Peperiksaan
|e Perbadanan Perpustakaan Awam Melaka
|
| 999 |
|
|
|a 0000437854
|b Buku
|c Koleksi Peperiksaan
|e Perbadanan Perpustakaan Awam Melaka
|
| 999 |
|
|
|a 0000437855
|b Buku
|c Koleksi Peperiksaan
|e Perbadanan Perpustakaan Awam Melaka
|
| 999 |
|
|
|a 0000437856
|b Buku
|c Koleksi Peperiksaan
|e Perbadanan Perpustakaan Awam Melaka
|
| 999 |
|
|
|a 0000437857
|b Buku
|c Koleksi Peperiksaan
|e Perbadanan Perpustakaan Awam Melaka
|
| 999 |
|
|
|a 0000437858
|b Buku
|c Koleksi Peperiksaan
|e Perbadanan Perpustakaan Awam Melaka
|
| 999 |
|
|
|a 0000437859
|b Buku
|c Koleksi Peperiksaan
|e Perbadanan Perpustakaan Awam Melaka
|
| 999 |
|
|
|a 0000437860
|b Buku
|c Koleksi Peperiksaan
|e Perbadanan Perpustakaan Awam Melaka
|
| 999 |
|
|
|a 0000437861
|b Buku
|c Koleksi Peperiksaan
|e Perbadanan Perpustakaan Awam Melaka
|
| 999 |
|
|
|a 0000437862
|b Buku
|c Koleksi Peperiksaan
|e Perbadanan Perpustakaan Awam Melaka
|
| 999 |
|
|
|a 0000437863
|b Buku
|c Koleksi Peperiksaan
|e Perbadanan Perpustakaan Awam Melaka
|
| 999 |
|
|
|a 0000437864
|b Buku
|c Koleksi Peperiksaan
|e Perbadanan Perpustakaan Awam Melaka
|
| 999 |
|
|
|a 0000437865
|b Buku
|c Koleksi Peperiksaan
|e Perbadanan Perpustakaan Awam Melaka
|
| 999 |
|
|
|a 0000437866
|b Buku
|c Koleksi Peperiksaan
|e Perbadanan Perpustakaan Awam Melaka
|
| 999 |
|
|
|a 0000437867
|b Buku
|c Koleksi Peperiksaan
|e Perbadanan Perpustakaan Awam Melaka
|
| 999 |
|
|
|a 0000437868
|b Buku
|c Koleksi Peperiksaan
|e Perbadanan Perpustakaan Awam Melaka
|
| 999 |
|
|
|a 0000437869
|b Buku
|c Koleksi Peperiksaan
|e PK Aeon Jaya Jusco
|
| 999 |
|
|
|a 0000437870
|b Buku
|c Koleksi Peperiksaan
|e PK Melaka Mall
|
| 999 |
|
|
|a 0000437871
|b Buku
|c Koleksi Peperiksaan
|e Perbadanan Perpustakaan Awam Melaka
|
| 999 |
|
|
|a 0000437872
|b Buku
|c Koleksi Peperiksaan
|e Perbadanan Perpustakaan Awam Melaka
|
| 999 |
|
|
|a 0000437873
|b Buku
|c Koleksi Peperiksaan
|e Perpustakaan Komuniti UTC Melaka
|
| 999 |
|
|
|a 0000437874
|b Buku
|c Koleksi Peperiksaan
|e Perbadanan Perpustakaan Awam Melaka
|